Empresa y sociedad : actualidad y relevancia /

Bibliographic Details
Main Authors: Mercado de Sala, María Cristina (Author, Editor), Belmaña, Ricardo (Author, Editor), Albrecht, Gabriela (Author)
Format: Electronic eBook
Language:Spanish
Published: Santiago, Chile : Ediciones Olejnik, [2019]
Series:Biblioteca de derecho privado.
Subjects:
Online Access:Digitalia Hispánica

MARC

LEADER 00000nam a2200000Ii 4500
001 DIGOLEJNK0857
003 NyNyDIG
006 m o d
007 cr |||||||||||
008 221018s2019 cl ob 000 0 spa d
035 |a (OCoLC)1350509213 
040 |a DGITA  |b eng  |e rda  |e pn  |c DGITA 
020 |z 9789563923711 
043 |a s-ag--- 
050 1 4 |a KHA1319 ebook 
245 0 0 |a Empresa y sociedad :  |b actualidad y relevancia /  |c María Cristina Mercado de Sala, directora ; Ricardo Belmaña, coordinación ; [autores], Gabriela Albrecht [and 11 others] 
264 1 |a Santiago, Chile :  |b Ediciones Olejnik,  |c [2019] 
300 |a 1 online resource. 
336 |a text  |b txt  |2 rdacontent 
337 |a computer  |b c  |2 rdamedia 
338 |a online resource  |b cr  |2 rdacarrier 
347 |a text file  |2 rdaft 
347 |b PDF 
490 1 |a Biblioteca de derecho privado 
504 |a Includes bibliographical references. 
588 0 |a Online resource; title from PDF title page (Digitalia, viewed October 18, 2022) 
650 0 |a Corporation law  |z Argentina. 
655 0 |a Electronic books. 
700 1 |a Mercado de Sala, María Cristina,  |e editor,  |e author. 
700 1 |a Belmaña, Ricardo,  |e editor,  |e author. 
700 1 |a Albrecht, Gabriela,  |e author. 
791 2 |a Digitalia (Firm),  |e distributor. 
793 0 |g Digitalia eBook Collection:  |a Ediciones Olejnik 
776 0 8 |i Print version:  |t Empresa y sociedad.  |d Santiago, Chile : Ediciones Olejnik, 2019  |z 9789563923711 
830 0 |a Biblioteca de derecho privado. 
856 4 0 |3 Digitalia Hispánica  |u https://www.digitaliapublishing.com/a/104884/ 
910 |a Premium collection: 2022